000 00222nam a22000977a 4500
999 _c15882
_d15882
003 OSt
008 191023b ||||| |||| 00| 0 eng d
100 _aKumara,Pillai G.
_94373
245 _aMarubhoomiyude kinakkal
942 _cBK